000 00652nam a2200193Ia 4500
008 151121s9999||||xx |||||||||||||| ||und||
082 _a833/शर्मा
082 _bHNW-47528
100 _aशर्मा वेद प्रकाश
245 _aराखी और सिन्दूर
260 _bकंचन पॉकेट बुक्स
260 _c--
300 _a288
600 _aशर्मा वेद प्रकाश
630 _aराखी और सिन्दूर
700 _aशर्मा वेद प्रकाश
730 _aराखी और सिन्दूर
942 _cBOOK
999 _c1233536
_d1233533